Dead or Alive: TV Edition Quiz Stats

Quiz Updated Sep 18, 2017

Challenge
Share
Tweet
Embed
Score 0/20 Timer 04:00
3 Plays Today
Character Dead or Alive? % Correct
Monica Geller???
96.3%
Sheldon Cooper???
92.6%
Michael Scott???
92.4%
Merle Dixon???
88.8%
Eddard Stark???
83.7%
Cliff Clavin???
82.6%
Maude Flanders???
81.7%
Henry Blake???
77.4%
Chuckles the Clown???
71.8%
Rose Nylund???
69.1%
Character Dead or Alive? % Correct
Carol Hathaway???
67.7%
Lady Sybil???
66.4%
Les Nessman???
65.8%
Max Greevey???
64.8%
Susan Ross???
63.4%
Dan Conner???
62.6%
Sam Seaborn???
56.6%
Arnold Takahashi???
55.5%
Jonathan Higgins III???
54.2%
Valerie Hogan???
45.9%

You're not logged in!

Compare scores with friends on all Sporcle quizzes.
Sign Up with Email
OR
Log In

You Might Also Like...

Show Comments

Extras

Top Quizzes Today


Score Distribution

Your Account Isn't Verified!

In order to create a playlist on Sporcle, you need to verify the email address you used during registration. Go to your Sporcle Settings to finish the process.